Manufacturing management (Record no. 16248)

000 -LEADER
fixed length control field 00480nam a2200169 4500
040 ## - CATALOGING SOURCE
Transcribing agency DLC
082 ## - DEWEY DECIMAL CLASSIFICATION NUMBER
Classification number 658 LRW 1965 A105 Or.
100 10 - MAIN ENTRY--AUTHOR NAME
Personal name Moore, Franklin G.,
245 10 - TITLE STATEMENT
Title Manufacturing management
250 ## - EDITION STATEMENT
Edition statement 4th ed
260 0# - PUBLICATION, DISTRIBUTION, ETC. (IMPRINT)
Place of publication Homewood, Ill.,
Name of publisher Irwin,
Year of publication 1965
300 ## - PHYSICAL DESCRIPTION
Number of Pages xiv, 892 p.
Other physical details illus.
Dimensions 24 cm
490 0# - SERIES STATEMENT
Series statement Irwin series in management
500 ## - GENERAL NOTE
General note Sixth ed. (1973) published under title: Production management
650 #0 - SUBJECT ADDED ENTRY--TOPICAL TERM
Topical Term Production management
942 ## - ADDED ENTRY ELEMENTS (KOHA)
Koha item type សៀវភៅភាសាអង់គ្លេស
952 ## - LOCATION AND ITEM INFORMATION (KOHA)
Withdrawn status [LOCAL, KOHA] 0
Holdings
Permanent Location Date acquired Koha item type Lost status Shelving location Barcode Current Location Full call number
Library Block A2018-01-26សៀវភៅភាសាអង់គ្លេស A105A26172Library Block A658 LRW 1965 A105 Or.
មជ្ឈមណ្ឌលឯការនៃសាកលវិទ្យាល័យភូមិន្ទកសិកម្មចំការដូង

Powered by Koha